export_success — 

Forcibly displaced : toward a development approach supporting refugees, the internally displaced, and their hosts /

Bibliographic Details
Format: eBook
Language:English
Published: Washington, DC : World Bank Group, [2017]
Subjects:
Online Access:Click to View
LEADER 01671nam a2200421 i 4500
001 EBC4733149
003 MiAaPQ
005 20200520144314.0
006 m o d |
007 cr cnu||||||||
008 170801t20172017dcuab ob 000 0 eng|d
020 |z 9781464809385 
020 |a 9781464809392 (e-book) 
035 |a (MiAaPQ)EBC4733149 
035 |a (Au-PeEL)EBL4733149 
035 |a (CaPaEBR)ebr11413035 
035 |a (OCoLC)994768872 
040 |a MiAaPQ  |b eng  |e rda  |e pn  |c MiAaPQ  |d MiAaPQ 
050 4 |a JV6217  |b .W67 2017 
082 0 |a 304.8  |2 23 
110 2 |a World Bank,  |e issuing body. 
245 1 0 |a Forcibly displaced :  |b toward a development approach supporting refugees, the internally displaced, and their hosts /  |c World Bank. 
264 1 |a Washington, DC :  |b World Bank Group,  |c [2017] 
264 4 |c 2017 
300 |a 1 online resource (187 pages) :  |b illustrations (some color), maps 
336 |a text  |2 rdacontent 
337 |a computer  |2 rdamedia 
338 |a online resource  |2 rdacarrier 
504 |a Includes bibliographical references. 
588 |a Description based on online resource; title from PDF title page (ebrary, viewed August 1, 2017). 
590 |a Electronic reproduction. Ann Arbor, MI : ProQuest, 2016. Available via World Wide Web. Access may be limited to ProQuest affiliated libraries. 
650 0 |a Refugees. 
650 0 |a Economic development. 
650 0 |a Emigration and immigration  |x Economic aspects. 
650 0 |a Forced migration  |x Economic aspects. 
655 4 |a Electronic books. 
797 2 |a ProQuest (Firm) 
856 4 0 |u https://ebookcentral.proquest.com/lib/matrademy/detail.action?docID=4733149  |z Click to View